Basics of Biblical Hebrew grammar : (Record no. 2945)
[ view plain ]
| 000 -LEADER | |
|---|---|
| fixed length control field | 00850cam a2200265Ia 4500 |
| 001 - CONTROL NUMBER | |
| control field | 47791881 |
| 003 - CONTROL NUMBER IDENTIFIER | |
| control field | OSt |
| 005 - DATE AND TIME OF LATEST TRANSACTION | |
| control field | 20181019153307.0 |
| 008 - FIXED-LENGTH DATA ELEMENTS--GENERAL INFORMATION | |
| fixed length control field | 010111s2001 miu 000 0 eng d |
| 020 ## - INTERNATIONAL STANDARD BOOK NUMBER | |
| International Standard Book Number | 0310237017 |
| 035 ## - SYSTEM CONTROL NUMBER | |
| System control number | tcgc280209 |
| 040 ## - CATALOGING SOURCE | |
| Original cataloging agency | D9B |
| Transcribing agency | D9B |
| Modifying agency | EXN |
| -- | LTS |
| 082 ## - DEWEY DECIMAL CLASSIFICATION NUMBER | |
| Classification number | REF 492.4 |
| Item number | P912B |
| 090 ## - LOCALLY ASSIGNED LC-TYPE CALL NUMBER (OCLC); LOCAL CALL NUMBER (RLIN) | |
| Classification number (OCLC) (R) ; Classification number, CALL (RLIN) (NR) | PJ4567.3 |
| Local cutter number (OCLC) ; Book number/undivided call number, CALL (RLIN) | .P73 2001 Workbook |
| 092 ## - LOCALLY ASSIGNED DEWEY CALL NUMBER (OCLC) | |
| Classification number | 492.45 |
| Item number | P912bw |
| 100 1# - MAIN ENTRY--PERSONAL NAME | |
| Personal name | Pratico, Gary Davis. |
| 245 10 - TITLE STATEMENT | |
| Title | Basics of Biblical Hebrew grammar : |
| Remainder of title | workbook / |
| Statement of responsibility, etc. | Gary D. Pratico and Miles Van Pelt. |
| 260 ## - PUBLICATION, DISTRIBUTION, ETC. | |
| Place of publication, distribution, etc. | Grand Rapids, MI : |
| Name of publisher, distributor, etc. | Zondervan, |
| Date of publication, distribution, etc. | 2001. |
| 300 ## - PHYSICAL DESCRIPTION | |
| Extent | vii, 303 p. ; |
| Dimensions | 28 cm. |
| 500 ## - GENERAL NOTE | |
| General note | Includes index. |
| 630 00 - SUBJECT ADDED ENTRY--UNIFORM TITLE | |
| Uniform title | Bible. |
| Name of part/section of a work | Old Testament |
| General subdivision | Language, style |
| Form subdivision | Problems, exercises, etc. |
| 650 #0 - SUBJECT ADDED ENTRY--TOPICAL TERM | |
| Topical term or geographic name entry element | Hebrew language |
| General subdivision | Grammar |
| Form subdivision | Problems, exercises, etc. |
| 700 1# - ADDED ENTRY--PERSONAL NAME | |
| Personal name | Van Pelt, Miles V., |
| Dates associated with a name | 1969- |
| 942 ## - ADDED ENTRY ELEMENTS (KOHA) | |
| Source of classification or shelving scheme | Dewey Decimal Classification |
| Koha item type | Reference |
| Withdrawn status | Lost status | Source of classification or shelving scheme | Damaged status | Not for loan | Collection code | Home library | Current library | Shelving location | Date acquired | Total Checkouts | Full call number | Barcode | Date last seen | Price effective from | Koha item type |
|---|---|---|---|---|---|---|---|---|---|---|---|---|---|---|---|
| Dewey Decimal Classification | Not For Loan | Reference | Harvest Mission College | Harvest Mission College | Reference | 19.10.2018 | REF 492.4 P912B | 000838 | 19.10.2018 | 19.10.2018 | Reference | ||||
| Dewey Decimal Classification | Not For Loan | Harvest Mission College | Harvest Mission College | Reference | 11.01.2021 | REF 492.4 P912B | 010430 | 11.01.2021 | 11.01.2021 | Reference |
